000 00439nam a2200205Ia 4500
001 11607
003 GE_BSU
008 181216s||||||||xx |||||||||||||| ||und||
020 _a9780099993803
040 _cGE_BSU
080 _a821.111-32
100 _aGrisham,John.
245 4 _aThe pelican brief.
260 _aLondon
260 _bArrow.
260 _c1992.
300 _a374p;18cm.
653 _aThe pelican brief.
942 _cBK
999 _c44802
_d44802